Estadísticas para Cuerpo Humano por Letra - C

Haz click aquí para intentar la prueba.

Estadísticas generales

  • Esta prueba ha sido intentada 151 veces
  • La puntuación promedio es 9 de 15

Estadísticas de respuestas

DefiniciónRespuesta% Correcto
Potente músculo que bombea sangre por todo el cuerpo.Corazón
99%
Controla los movimientos voluntarios, el habla, la inteligencia, la memoria, las emociones y procesa la información.Cerebro
95%
Conjunto de huesos que forman la parte superior de la cabeza.Cráneo
85%
Enfermedad por la que algunas células del cuerpo se multiplican sin controlCáncer
83%
Huesos planos, curvos, que forman la mayor parte de la caja torácica.Costillas
81%
Una de las dos pequeñas bandas de músculo del interior de la laringe que vibra para producir la voz.Cuerdas Vocales
75%
Tejido fuerte y flexible que reviste las articulaciones y da estructura a la nariz, los oídos, etc.Cartílago
72%
La estructura más pequeña del cuerpo, fundamental para la vida.Célula
72%
Bóveda transparente en la parte delantera del globo ocular que es el principal lente de enfoque.Córnea
72%
Región de la respuesta anterior que se relaciona con el equilibrio.Cerebelo
70%
Estructura que se encuentra en el interior del núcleo celular formada por proteínas y ADN organizados en genes.Cromosoma
33%
Se forma en el hígado a partir de alimentos grasos y es necesario para el funcionamiento normal del organismo.Colesterol
22%
Articulación donde se une el hueso del muslo (fémur) con el de la pelvis.Caderas
20%
Área nublada en el cristalino, es decir, el “lente” de un ojoCataratas
20%
La primera parte del intestino gruesoCiego
17%

Distribución de puntuación

Porcentaje por número respondido

Porcentaje de gente con cada puntuación

Historial de tus puntuaciones

No has intentado esta prueba.